<?xml version="1.0" encoding="UTF-8"?>
<marc:record xmlns:marc="http://www.loc.gov/MARC21/slim">
   <marc:leader>00000nam a2200000 a 4500</marc:leader>
   <marc:datafield ind1="1" ind2=" " tag="100">
      <marc:subfield code="a">Lott, Anna</marc:subfield>
      <marc:subfield code="4">aut</marc:subfield>
      <marc:subfield code="e">Verfasser/-in</marc:subfield>
   </marc:datafield>
   <marc:datafield ind1="0" ind2="0" tag="245">
      <marc:subfield code="a">Maja und Marietta aus dem großen, bunten Haus</marc:subfield>
   </marc:datafield>
   <marc:datafield ind1="0" ind2="0" tag="245">
      <marc:subfield code="c">Anna Lott ; mit Bildern von Ariane Camus</marc:subfield>
   </marc:datafield>
   <marc:datafield ind1=" " ind2="1" tag="264">
      <marc:subfield code="a">Hamburg</marc:subfield>
      <marc:subfield code="b">Carlsen</marc:subfield>
      <marc:subfield code="c">2022</marc:subfield>
   </marc:datafield>
   <marc:datafield ind1="1" ind2=" " tag="520">
      <marc:subfield code="a">Angaben aus der Verlagsmeldung

Maja und Marietta aus dem großen, bunten Haus / von Anna Lott

Zum Vor- und Selberlesen für alle Fans von Madita und Co

Meistens ist Maja froh, dass sie eine kleine Schwester hat. Mit niemandem sonst kann man nämlich so gut Klingelstreiche machen, nachts heimlich Kuchen naschen oder beim Flohmarkt eine Billion verdienen. Wenn Marietta allerdings Majas Puppe heimlich frisiert oder ihr Drachenpony kaputtmacht, kann Maja richtig wütend werden. Dann erzählt sie ihrer Schwester manchmal Geschichten, die gar nicht stimmen. Dass im 10. Stock ein Monster wohnt oder dass ihre Eltern Marietta im Supermarkt gekauft haben. Doch Marietta geht den Dingen auf den Grund – und am Ende gibt es immer was zu lachen. 

Nach dem Erfolg »Moppi und Möhre - Abenteuer im Meerschweinchenhotel«: Das neue Buch von Anna Lott

</marc:subfield>
   </marc:datafield>
   <marc:datafield ind1=" " ind2=" " tag="020">
      <marc:subfield code="a">9783551558084</marc:subfield>
      <marc:subfield code="9">9783551558084</marc:subfield>
   </marc:datafield>
   <marc:datafield ind1=" " ind2=" " tag="041">
      <marc:subfield code="a">ger</marc:subfield>
   </marc:datafield>
   <marc:datafield ind1=" " ind2=" " tag="300">
      <marc:subfield code="a">110 Seiten</marc:subfield>
   </marc:datafield>
</marc:record>
